000 00837nam a2200265Ia 4500
003 OSt
005 20221006160218.0
006 a|||||r|||| 00| 0
007 ta
008 221006b |||||||| |||| 00| 0 eng d
020 _a9781608447183
_c
_18.95
024 _a44,626
037 _bGift, Window on Korea
_cTextual
040 _aEASL
_cEASL
_beng
041 _2eng
_aeng
082 _aV495:19(zM).N51, Q0
100 _aMueller Tom
_9672433
245 0 _aHeart of the century,1949-1951
_bKorea, the shadow of a third World War ... and everyday life in the daily newspaper
260 _aIndianapolis
_bDog ear Publishing Korea
_c2010
300 _a260p.
_ccm.
490 _v KEL
650 _aKEL
942 _hV495:19(zM).N51, Q0
_cTEXL
_2CC
999 _c1112718
_d1112718